000 01120nac a22003137a 4500
001 BR9900037
003 BR-BrBNA
005 20240105122140.0
008 230509b bl.|||m| |||| 00| 0 por d
040 _aBR-BrBNA
_bpor
_cBiblioteca Nacional de Agricultura
072 _aH10
090 _a3490 BR9900037
100 1 _aMagalhaes, B.P.
100 1 _aFaria, M.R. de
100 1 _aGuerra, W.D.
100 1 _aVicentini, S.
100 1 _aSantos, S.X. dos
100 1 _aSanchez, S.E.M.
110 1 _aCentro Nacional de Pesquisa de Recursos Geneticos e Biotecnologia, Brasilia, DF (Brasil)
_91797
245 1 _aEficiencia do fungo Metarhizium flavoviride contra o gafanhoto Rhammatocerus schistocercoides em condicoes de campo
260 3 _aBrasilia, DF (Brasil):
_c1997.
300 _a3 p.
490 _aComunicado Tecnico - Centro Nacional de Pesquisa de Recursos Geneticos e Biotecnologia (Brazil)
_vno. 21
_xISSN 0102-0099
650 _aFungo para Controle Biologico
650 _aGafanhoto
650 _aControle Biologico
909 _a202312
_bLúcia Elande
_c55
_dLúcia Elande
942 _2AGRIS
_n0
_cMS
999 _c289469
_d289469